LEADER 01526nam a2200349 a 4500 001 000000125290 003 CaOOAMICUS 005 20110513112916.0 008 110513s2008 inu u000 u eng r 020 $a978-1-59276-330-6 020 $a978-1-59276-776-2 (vol. add.) 040 $aPUL$bita 082 04$a174 100 1 $aMay, William E.$0(OLS)http://pul/name/42745 245 10$aCatholic bioethics and the gift of human life /$cWilliam E. May. 250 $a2nd ed. 260 $aHuntington :$bOur Sunday Visitor,$c©2008. 300 $a382 p. ;$c23 cm+$e[1] fasc. 500 $aInclude indice. 500 $aUn fascicolo staccato dal titolo "Catholic bioethics and the gift of human life : addendum". 504 $aBibliografia in nota. 650 4$aBioetica.$0(OLS)http://pul/subject/2868 850 $aPUL 852 $aPUL$W1$xSL Filosofia 3$y81$m174 MAYWI 1$j144287$qDDC 21$B143316$CPULBib$Z2$F143316 $H117023 $82 852 $aPUL$W1$xSL Filosofia 3$y81$m174 MAYWI 1bis$j144288$qDDC 21$B143317$CPULBib$Z2$F143317 $H117050 $82 941 1 $a9 996 $6020$a978-1-59276-330-6$9(OLS)http://pul/number/147138 996 $6020$a978-1-59276-776-2 (vol. add.)$9(OLS)http://pul/number/147139 996 $6082$a174$9(OLS)http://pul/classification/425 996 $6245$aCatholic bioethics and the gift of human life$9(OLS)http://pul/title/157963 996 $6260$aHuntington :$bOur Sunday Visitor$9(OLS)http://pul/publisher/79626 LEADER 01132nam a2200229 i 4500 001 000000123116 003 CaOOAMICUS 005 20100928123947.0 008 100928s2001 xx u000 u ger c 040 $aANS$bita$dPUL$dLDA 100 1 $aGöbel, Christian.$0(OLS)http://pul/name/66402 245 10$aGnothi seauton :$bStudien zur griechischen Selbsterkenntnis : Platon, Parmenides, Stoa und Aristipp /$cChristian Gobel. 260 $aRomae :$b[s.n.],$c2001. 300 $a89 p. ;$c24 cm 500 $aIn testa al front: Pontificium Athenaeum S.Anselmi de Urbe. Facultas Philosophiae.Thesis ad Lauream n.32. 502 $aExcerptum ex dissertatione ad Doctoratum Philosophiae assequendum in Pontificio Athenaeo S.Anselmi, 2001. 504 $aGesamt-Bibliographie: p. 53-86. 850 $aPUL 852 $aPUL$W1$xDP1 Tesi Pon. At. S. Anselmo$y29$m2001 B 1$j127510$qTesi$B140566$CPULBib$Z2$F140566 $82 941 1 $a16 996 $6245$aGnothi seauton :$bStudien zur griechischen Selbsterkenntnis : Platon, Parmenides, Stoa und Aristipp$9(OLS)http://pul/title/155163 996 $6260$aRomae :$b[s.n.]$9(OLS)http://pul/publisher/48223